000 00286nam a2200097Ia 4500
082 _a658. 802 DUPL
245 0 _aApplied strategic marketing
100 _a Du Plessis, P. J. Sandton [South Africa], 2005 2nd ed
_979073
942 _cBK
008 210817s9999 xx 000 0 und d
999 _c313291
_d313289